O czasie wolnym Kultura i rekreacja w procesach rozwoju spoleczno-ekonomicznego

Na minha lista:
Detalhes bibliográficos
Autor principal: Jung, Bohdan
Formato: Livro
Idioma:polonês
Publicado em: Warszawa Szkola glówna planowania i statystyki 1987
Edição:1. wyd.
Colecção:Monografie i opracowania 241
Tags: Adicionar Tag
Sem tags, seja o primeiro a adicionar uma tag!

MARC

LEADER 00000nam a2200000 4500
001 c031212
005 20221219123450.3
041 0 |a pol 
044 |a PL 
245 1 0 |a O czasie wolnym  |b Kultura i rekreacja w procesach rozwoju spoleczno-ekonomicznego  |c Bohdan Jung 
250 |a 1. wyd. 
264 1 |a Warszawa  |b Szkola glówna planowania i statystyki  |c 1987 
300 |a 297 s. 
490 1 |a Monografie i opracowania  |v 241 
830 0 |a Monografie i opracowania  |v 241 
100 1 |a Jung, Bohdan